| 000 | 00747nam a22002297a 4500 | ||
|---|---|---|---|
| 003 | 0 | ||
| 005 | 20251027155747.0 | ||
| 008 | 251027b xxu||||| |||| 00| 0 eng d | ||
| 020 | _a978-1-98469-433-1 | ||
| 050 |
_aG 156.5.C8 _b.E93 2025 |
||
| 100 |
_aEvans, Amelia, _eauthor. |
||
| 245 |
_aExploring cultural tourism in the hospitality world / _cAmelia Evans. |
||
| 260 |
_aNew York, NY : _b3G E-Learning LLC, _c2025. |
||
| 300 |
_axviii, 250 pages : _bcolored illustrations ; _c26 cm. |
||
| 504 | _aIncludes bibliographical references and index. | ||
| 650 | _aCultural tourism. | ||
| 650 | _aHospitality industry. | ||
| 650 |
_aTourism _xSocial aspects. |
||
| 650 | _aHeritage tourism. | ||
| 650 | _aSustainable tourism. | ||
| 942 |
_2lcc _cBK |
||
| 999 |
_c368358 _d368358 |
||